00828nam a22002414a 450000500170000000800410001701000130005802000260007103500130009703700170011004000180012708200130014510000170015824500460017526000360022127000320025730000370028950000320032665000120035894200270037099900170039795201720041420100311110920.0020926s2003 caua 001 0 eng  aB-379401 a9780753704950c495.00 aB-379401 bPansy Books  adplbEnglish  a635.9772 aLewis, Colin aBonsai :ba care manual /cby Colin Lewis aLondonbChancellor Press c2009 a2-4, Heron Quays, bLondon  a128 p. :bcol. ill. c28 cm(Hb)  aincludes glossary and index aBonsai. 2ddccENh635.9772mLEW c34576d34576 00102ddc40718NFICaLbLd2010-03-22ePansy Books/986/24.2.10/177/23.2.10/24.2.10g495.00l0o635.9772 LEWpB-379401r2010-03-22 00:00:00t1v495.00w2010-03-22yRF